[Event "Vienna op"]
[Site "Vienna"]
[Date "1995.??.??"]
[Round "?"]
[White "Psakhis, Lev"]
[Black "Markowski, Tomasz"]
[Result "1-0"]
[WhiteElo "2610"]
[BlackElo "2495"]
[Annotator "Psakhis,L"]
[PlyCount "97"]
[EventDate "1995.??.??"]
[EventType "swiss"]
[EventRounds "9"]
[EventCountry "AUT"]
[SourceTitle "CBM 051"]
[Source "ChessBase"]
[SourceDate "1996.04.01"]
[SourceVersion "1"]
[SourceVersionDate "1996.04.01"]
[SourceQuality "1"]

1. e4 d6 2. d4 Nf6 3. f3 c5 4. d5 g6 5. c4 Bg7 6. Nc3 O-O 7. Bg5 e6 8. Qd2 exd5
9. cxd5 h6 10. Be3 Re8 11. Nge2 Nbd7 12. Nc1 (12. Ng3 h5 13. Be2 (13. Bg5 a6
14. Be2 b5 15. O-O h4 16. Nh1 h3 17. g4 Qc7 18. Bh6 Bh8 19. Nf2 c4 20. Rac1 Nc5
21. Kh1 Nfd7 22. Nxh3 Qa5 23. Nf2 Nb6 24. Be3 b4 {Kutirov,R-Colovic,A/Struga
MAC-ch/1993/0-1/40/}) (13. h4 a6 14. a4 Qa5 15. Be2 Ne5 16. O-O Bd7 17. Bh6 Bh8
18. f4 Neg4 19. f5 Qb4 20. e5 Qd4+ 21. Qxd4 cxd4 22. exf6 Nxh6 23. fxg6 dxc3
24. g7 cxb2 {Cordes,H-Hartmann,G/BL/1983/0,5/50/}) 13... h4 (13... a6 14. O-O
b5 15. a4 b4 16. Nd1 a5 17. Rc1 Nb6 18. b3 Ba6 19. Bxa6 Rxa6 20. Bh6 Bh8 21.
Ne3 $36 {Rogers,I-Romero,A/Las Palmas op/1994/0,5/36/}) 14. Nf1 Nh7 (14... a6
15. Qc2 b5 16. a4 b4 17. Nd1 Nh5 18. Nd2 f5 19. Nc4 b3 20. Qxb3 Rb8 21. Qc2 Ne5
22. Nd2 f4 23. Bf2 Qg5 24. Rg1 Ng3 25. hxg3 hxg3 26. Bxc5 dxc5 {Sadler,
L-Gelfand,B/Oakham/1988/0-1/64/}) (14... Ne5 15. h3 Nh5 16. f4 Nd7 17. Bf3 Ndf6
18. a4 Qa5 19. Kf2 Qb4 {Douven,R-Plaskett,J/London/1983/}) 15. Qc1 (15. Bh6 $5
Bh8 16. Ne3 a6 17. a4 f5 18. exf5 (18. O-O Ne5 19. Bf4 Nf7 $1 20. Nc4 $8 g5 21.
Be3 f4 22. Bf2 Ne5 23. Nxe5 Bxe5 24. h3 $13 Bd7 25. a5 (25. Rfb1 Qa5 $10) 25...
b5 26. axb6 Qxb6 27. Ra2 Reb8 28. Rfa1 a5 29. Bd1 Qb4 30. Kh1 $6 (30. Be1 $10)
(30. Be1 $10) 30... Nf6 31. Kg1 Kg7 32. Kf1 Nh5 33. Ke1 Ng3 34. Ba4 $6 Bxa4 35.
Nxa4 Qc4 $1 36. Bxg3 $8 hxg3 $17 37. Nc3 $2 Rxb2 $1) 18... g5 $1 19. Ng4 Ne5 {
ץh6 ץh6 ץh6 ץh6}) (15. Bf2 Ne5 16. Ne3 Qg5 17. O-O f5 $36) 15... a6 16. a4
Ne5 17. Nd2 f5 18. O-O Nf6 19. a5 Bd7 20. Qc2 fxe4 21. Ndxe4 Nxe4 22. Nxe4 Bf5
23. Ra4 c4 24. Qd2 Bxe4 25. fxe4 {Alaan,V-Marin,M/Manila(ol)/1992/0-1/57/}) (
12. Nd1 b5 13. Ng3 (13. a4 b4 $13) 13... h5 (13... a6 14. Bxh6 Bxh6 15. Qxh6
Nxd5 16. Qd2 Nb4 17. Nc3 $36) 14. Bxb5 Rb8 (14... Qb6 $5) 15. Be2 (15. Bc6 h4
16. Ne2 h3 17. g3 Ne5 18. Bxe8 $2 Nxf3+) (15. Bxd7 Nxd7 16. O-O Ba6 17. Re1 Ne5
$17) (15. a4 a6 16. Bxd7 Nxd7 17. O-O Ne5 18. Qc2 a5 {/\Ba6~/=}) 15... h4 16.
Nf1 Ne5 $132 {Solozhenkin,E-Marin,M/Sitges Hospitalet op/1993/0,5/25/}) 12...
Ne5 (12... Nh5 13. g4 Ne5 14. Be2 Qh4+ 15. Bf2 Qf6 16. gxh5 Nxf3+ 17. Bxf3 Qxf3
18. Rf1 Bxc3 19. Qxc3 Rxe4+ 20. Kd2 Qf4+ {Armas,J-Illescas,M/Santa Catalina/
1987/}) (12... h5 13. Nd3 (13. Be2 Nf8 (13... Nh7 14. Nd3 Ne5 15. Nf2 f5 16. h3
a6 17. f4 Nf7 18. exf5 gxf5 19. Bxh5 Qh4 20. Bxf7+ Kxf7 21. O-O b5 22. a3 Rg8
23. Rac1 Bb7 24. Qd3 Bxc3 25. Qxf5+ {Timoshchenko,G-PigusovE/Irkutsk(URS-1L/
1986/0,5/40/}) 14. O-O N6h7 15. Nd3 f5 16. Kh1 g5 17. g3 Ng6 18. Rae1 Rf8 19.
exf5 Bxf5 20. Nf2 Ne5 21. g4 Bg6 22. Nfe4 hxg4 23. fxg4 Nf6 24. Nxg5 Nfxg4 25.
Rg1 Nxe3 26. Qxe3 {Plaskett,J-Renet,O/Reykjavik/1992/0,5/56/}) 13... b5 14. Be2
Nb6 15. Nf2 b4 16. Ncd1 a5 17. O-O Nfd7 18. Bg5 Qc7 19. Bh6 Bh8 20. f4 Bb7 21.
f5 Ne5 22. Bxh5 gxh5 23. Qg5+ Kh7 24. Qxh5 f6 {Ostermeyer,P-Hartmann,G/BL 1986/
1-0 (45)}) 13. Be2 (13. Nd3 $2 Nc4) 13... Nh7 14. O-O h5 15. Bh6 (15. f4 Ng4
16. Bxg4 Bxg4 17. h3 Bd7 18. N1e2 Rc8 19. f5 b5 20. a3 a5 21. fxg6 fxg6 22. Nf4
b4 23. axb4 axb4 24. Nd1 Bb5 25. Re1 Nf8 26. Nf2 Ra8 $13 {Sokolov,I-Marin,M/
Manila(ol)/1992/1-0/52/}) (15. Rb1 $5 f5 16. b4 c4 17. Bd1 (17. a4 Nf6 18. h3
fxe4 19. fxe4 Bd7 20. N1a2 Qe7 21. Rf2 Nd3 22. Bxd3 cxd3 23. Rf4 g5 24. Rf3 g4
25. hxg4 hxg4 26. Rf4 Nh5 27. Qxd3 Nxf4 28. Bxf4 $19) 17... Nf6 18. Bc2 fxe4
19. fxe4 Nfg4 20. Bf4 Rf8 21. h3 Qb6+ 22. Kh1 Ne3 23. Rf2 Nxc2 24. Na4 Qd4 25.
Qxc2 Nd3 26. Nxd3 cxd3 27. Qd2 Qxe4 28. Re1 Qxd5 {Van der Sterren,P-Ree,H/
Hilversum(NED-ch/1986/1-0/54/}) (15. Kh1 f5 16. h3 a6 17. a4 b6 18. f4 Nf7 19.
exf5 Bxf5 20. Bg1 Nf6 21. Bf3 Nh6 22. Nd3 Ne4 23. Nxe4 Bxe4 24. Bxe4 Rxe4 25.
Rae1 Nf5 (25... Nf5 26. Bh2 Qe8 {Kljako,D-Afek,Y/Werfen/1991/0,5/54/})) 15...
Bh8 16. Nd3 {N} (16. Kh1 f5 17. Nb3 Nf6 18. Bg5 Nf7 19. Bd3 Ne5 20. Bb5 Bd7 21.
exf5 Bxb5 22. Nxb5 Qd7 23. Nc3 Qxf5 24. Bxf6 Bxf6 25. Ne4 Be7 26. Qc3 Nf7 27.
Rad1 Ne5 28. Na5 Rab8 29. Qc2 Bf8 30. Nc4 {Sadler,M-Khalifman,A/Oviedo op/1992/
0,5/30/}) 16... Nc4 17. Qc1 Bd7 $5 (17... f5 18. Nxc5 $5 (18. Nf4 $5 Bd4+ 19.
Kh1) 18... Nxb2 19. Ne6 Qa5 20. Bd2 $16) 18. Nf2 (18. Nxc5 $5 Qb6 19. Be3 $1
Nxe3 20. Nxd7 Qd4 (20... Qd8 21. Qxe3 Qxd7 22. Bb5 $18) 21. Nb5 Rac8 22. Nxd4
Rxc1 23. Rfxc1 Bxd4 24. Rab1 Rd8 (24... Nc4+ 25. Kh1 Nd2 26. Rd1 Nxb1 27. Rxd4
$18) 25. Bb5 a6 26. Kh1 axb5 27. Rc7 $13) 18... b5 19. a4 $6 (19. Nxb5 $5 Bxb5
20. Bxc4 Bxc4 21. Qxc4 Bxb2 22. Rab1 Bd4 23. Bd2 $14) (19. Bxc4 $6 bxc4 {xb2})
19... Na5 $1 {[%cal Ra5b3]} (19... a6 20. axb5 axb5 21. Rxa8 Qxa8 22. Nxb5 Bxb5
23. Bxc4 Bxc4 24. Qxc4 Bxb2 25. Bf4 $14) 20. Nxb5 $5 (20. Qc2 $6 b4 21. Nb5 Qb6
22. Bf4 Be5 23. Bxe5 Rxe5 $36) 20... Nb3 21. Qc2 (21. Qd1 Nxa1 22. Nxd6 $2 Bxb2
23. Nxe8 Bxe8 24. Qd2 Bd4 $19) 21... Nxa1 22. Rxa1 Qf6 (22... Qe7 $5 23. Nc7
$140 Bxa4 $1) (22... g5 $5 23. Nxd6 Qf6 24. Nxe8 Bxe8 $13 (24... Rxe8 25. Qxc5
Qxh6 26. Qxa7)) 23. Bd2 Bxb5 (23... Qxb2 $1 24. Qxb2 Bxb2 25. Ra2 Bxb5 26. Bxb5
(26. axb5 $5 Bd4 27. Kf1) 26... Reb8 27. Bf4 $5 (27. Bc6 Bd4 $1) (27. Rxb2 a6
28. Bf4 Rb6 (28... axb5 29. Bxd6 Rd8 30. Bxc5 bxa4 31. Nd3 $15)) 27... a6 (
27... Be5 28. Bxe5 dxe5 29. Nd3 $44) 28. Bxd6 axb5 29. Bxb8 Bd4 (29... Rxa4 $6
30. Rxb2 Ra1+ 31. Nd1 Rxd1+ 32. Kf2 $16) 30. Bf4 Rxa4 31. Rxa4 bxa4 32. Bc1 c4
33. Kf1 $13) 24. Bxb5 Red8 $2 (24... Qxb2 $1 25. Qxb2 Bxb2 26. Ra2 Reb8) 25.
Bc3 Qe7 26. Re1 $1 $44 Bxc3 $6 27. bxc3 $14 Rab8 28. Bc6 (28. f4 Rb6) 28... Qf6
(28... Nf6 29. f4 Nd7 30. e5 dxe5 31. fxe5 Nxe5 32. Nd3 Nxc6 33. Rxe7 Nxe7 34.
c4 $16) (28... Rb6 29. a5) 29. Nd3 c4 30. Nb2 Rb3 (30... h4 $5 31. Nxc4 (31. h3
Qf4) 31... h3) 31. Rc1 $1 Qf4 32. Nxc4 h4 33. Rf1 Rbb8 (33... Rdb8 34. Bb5) 34.
Qc1 $1 Qxc1 35. Rxc1 $16 Ng5 36. Kf2 Rb3 (36... h3 $5) 37. Ke3 f6 $8 (37... h3
38. f4 $18) 38. f4 Nf7 39. Kd4 (39. Bb5 $5) 39... Kg7 40. Re1 Rdb8 41. Bb5 $1
Rd8 42. Kd3 Rc8 $8 43. g3 $1 (43. Kc2 $2 Rxb5) 43... hxg3 (43... g5 $5) 44.
hxg3 Rc7 $6 45. Be8 $18 Nd8 46. Kc2 Rb8 47. Nxd6 Nb7 48. Nxb7 (48. Rb1 Nxd6 49.
Rxb8 Nxe4) 48... Rxe8 49. Nd6 1-0

[Event "Rohde op 09th"]
[Site "Sautron"]
[Date "2009.10.28"]
[Round "6"]
[White "Lalic, Bogdan"]
[Black "Bailet, Pierre"]
[Result "1-0"]
[WhiteElo "2495"]
[BlackElo "2379"]
[Annotator "RR"]
[PlyCount "61"]
[EventDate "2009.10.24"]
[EventType "swiss"]
[EventRounds "9"]
[EventCountry "FRA"]
[SourceTitle "EXT 2010"]
[Source "ChessBase"]
[SourceDate "2010.11.25"]
[SourceVersion "1"]
[SourceVersionDate "2010.11.25"]
[SourceQuality "1"]

1. d4 Nf6 2. c4 d6 3. Nc3 g6 4. e4 Bg7 5. f3 O-O 6. Nge2 c5 7. Be3 Nc6 8. d5
Ne5 9. Ng3 e6 (9... h5) 10. Be2 exd5 11. cxd5 a6 12. a4 Re8 $6 (12... Bd7 $142
{Seirawan,Y (2600)-Ivanchuk,V (2720) Roquebrune blitz 1992 0-1}) 13. O-O h5 14.
h3 Nh7 (14... h4 15. Nh1) 15. f4 $146 ({RR} 15. Qd2 h4 16. Nh1 f5 17. Nf2 Bd7
18. Rab1 Rc8 19. Rfc1 Qa5 20. b3 Kh8 21. Bf1 Kg8 22. Ne2 Qxd2 23. Bxd2 b5 24.
axb5 axb5 25. b4 Nc4 26. Bc3 Bh6 27. Re1 Nd2 28. Rbd1 fxe4 29. Bxd2 e3 {
Van Gisbergen,S (2328)-Van Delft,M (2340)/Netherlands 2001/EXT 2002/1/2-1/2 
(43)}) 15... Nd7 16. e5 $1 $40 {un sacrifice de dégagement classique} dxe5 17.
f5 {[%cal Gc3e4,Gg3e4,Gg3f5]} e4 18. d6 Qh4 $6 (18... Ndf6) 19. fxg6 fxg6 20.
Ngxe4 Ne5 21. Bf2 Qd8 22. Nd5 Bf5 23. Ne7+ Rxe7 24. dxe7 Qxe7 25. Qd5+ Nf7 26.
Bf3 Qe5 27. Nxc5 Nhg5 28. Rae1 Nxf3+ 29. Qxf3 Qxb2 30. Re7 Rf8 31. Qxb7 1-0

[Event "Sautron op 14th"]
[Site "Sautron"]
[Date "2014.10.25"]
[Round "8"]
[White "Terrieux, Kevin"]
[Black "Loiseau, Quentin"]
[Result "1-0"]
[WhiteElo "2409"]
[BlackElo "2354"]
[Annotator "RR"]
[PlyCount "67"]
[EventDate "2014.10.26"]
[EventType "swiss"]
[EventRounds "9"]
[EventCountry "FRA"]
[SourceTitle "EXT 2015"]
[Source "ChessBase"]
[SourceDate "2014.11.20"]
[SourceVersion "1"]
[SourceVersionDate "2014.11.20"]
[SourceQuality "1"]
[TimeControl "40/5400+30:1800+30"]
[WhiteClock "0:13:00"]
[BlackClock "0:01:35"]

1. d4 {[%emt 0:00:00]} Nf6 {[%emt 0:00:00]} 2. c4 {[%emt 0:00:10]} c5 {[%emt 0:
00:11]} 3. d5 {[%emt 0:00:20]} e6 {[%emt 0:00:08]} 4. Nc3 {[%emt 0:00:13]} exd5
{[%emt 0:00:13]} 5. cxd5 {[%emt 0:00:06]} d6 {[%emt 0:00:08]} 6. e4 {[%emt 0:
00:14]} g6 {[%emt 0:00:13]} 7. Nge2 {[%emt 0:00:24] Une ligne secondaire} Bg7 {
[%emt 0:00:20]} 8. Ng3 {[%emt 0:00:14]} O-O {[%emt 0:00:38]} (8... a6 9. a4 O-O
10. f3 Nbd7 (10... Nh5 11. Nxh5 gxh5 12. Be2 Qh4+ 13. g3 Qe7 14. h4 {Giri,A 
(2768)-Gelfand,B (2748) Tashkent FIDE GP 2014 (1) 1/2} (14. O-O Bh3 {
Martinovic inf 122}))) 9. Be2 {[%emt 0:00:18]} b6 {[%emt 0:01:50]} 10. O-O {
[%emt 0:06:02]} Ba6 {[%emt 0:00:23]} 11. Bg5 {[%emt 0:01:39]} (11. Bf4 {
[%csl Rd6]} Bxe2 12. Qxe2 a6 13. a4 Re8 14. Qd2 Qc7 15. Rfc1 Nbd7 16. Rab1 Ne5
17. b3 Qb7 18. Bh6 Bh8 19. Qe2 Rab8 20. f3 b5 21. axb5 axb5 22. Nf1 b4 23. Nd1
Ra8 24. Nde3 Qa6 25. Rc2 Qxe2 26. Rxe2 Re7 27. h3 Bg7 28. Bxg7 Kxg7 29. Nd2 Ra2
30. Rf2 Nd3 31. Re2 Nf4 32. Rf2 Nd3 33. Re2 Nh5 34. Nec4 Nhf4 35. Re3 Ne5 36.
Nb2 g5 37. g3 Nfd3 38. Ndc4 Nxb2 39. Nxb2 Rea7 40. f4 gxf4 {Gasanov,E (2514)
-Yilmaz,M (2581) Kocaeli 2014 1-0 (66)}) 11... h6 {[%emt 0:09:49]} 12. Bf4 {
[%emt 0:00:36]} Re8 $146 {[%emt 0:09:15]} (12... Bxe2 13. Qxe2 Qe7 14. Nb5 Ne8
15. Qd2 Kh7 16. Na3 Nd7 17. Rac1 Ne5 18. Rfe1 Nf6 19. Qe2 Rfe8 20. h3 Rab8 21.
Be3 h5 22. Bg5 Bh6 23. Bxh6 Kxh6 24. Qd2+ Kg7 25. Nh1 Ned7 26. f3 b5 27. Nf2 h4
{1/2-1/2 (27) Runting,T (2442)-Ghinda,M ICCF email 2007}) 13. f3 {[%emt 0:04:
32]} Bxe2 {[%emt 0:07:44]} 14. Qxe2 {[%emt 0:03:04]} h5 $5 {[%emt 0:03:14]
[%cal Gh5h4]} 15. Bg5 {[%emt 0:03:14]} Qd7 {[%emt 0:02:10]} (15... Nbd7 {
Plus naturel mais le clouage du Nf6 est pénible}) 16. Qd2 $14 {[%emt 0:28:19]
Joué après une longue réflexion d'une 1/2 h} Na6 {[%emt 0:10:14]} 17. f4 {
[%emt 0:08:41][%cal Ga1e1,Ge4e5]} Ng4 $6 {[%emt 0:05:13] Les Blancs controlent
bien la case "f2"} 18. h3 {[%emt 0:03:24]} Bd4+ {[%emt 0:02:03]} 19. Kh1 $16 {
[%emt 0:00:23]} f6 {[%emt 0:15:00] L'idée sous-jacente au coup Ng4 et comme
souvent dans une Benoni, les Noirs pêchent en eaux troubles} 20. Bh4 {[%emt 0:
01:49]} (20. f5 $5 fxg5 21. hxg4 {[%cal Gg4h5]} h4 22. Nge2 Qg7 $13) 20... Re7
{[%emt 0:21:07]} 21. Rf3 {[%emt 0:04:02]} (21. Rae1 Rae8 (21... Rf8 22. e5 dxe5
23. f5 $44 g5 24. Nxh5 gxh4 25. Ne4 {[%csl Ge4]}) 22. e5 $1 dxe5 23. f5 {
[%csl Rg6,Rh5]} g5 24. Nce4 $40 {[%csl Rd7,Rf6]}) 21... b5 {[%emt 0:04:54]} 22.
Raf1 {[%emt 0:01:20]} Rae8 {[%emt 0:05:29]} 23. Nce2 {[%emt 0:00:24] Gagne du
matériel mais le sacrifice e4e5 était thématique} (23. e5 $1 $40 {[%csl Ge4]
[%cal Gh4e7]} dxe5 24. fxe5 fxe5 25. Nge4 $18 {[%csl Rf6]}) 23... Rxe4 {
[%emt 0:00:28]} 24. Nxe4 {[%emt 0:00:21]} Rxe4 {[%emt 0:00:01]} 25. hxg4 {
[%emt 0:02:35]} hxg4 {[%emt 0:00:58]} 26. Rd3 $18 {[%emt 0:01:19]} Qh7 {
[%emt 0:00:36]} 27. g3 {[%emt 0:00:40]} Nb4 {[%emt 0:00:34]} 28. Nxd4 {[%emt 0:
09:13]} Nxd3 {[%emt 0:00:18]} 29. Nxb5 {[%emt 0:00:25]} g5 {[%emt 0:00:40]} 30.
fxg5 {[%emt 0:05:32]} Re5 {[%emt 0:00:00]} 31. gxf6 {[%emt 0:01:47]} Qe4+ {
[%emt 0:00:21]} 32. Kg1 {[%emt 0:01:30]} Rh5 {[%emt 0:00:42]} 33. f7+ {[%emt 0:
00:34]} Kf8 {[%emt 0:00:01]} 34. Qxd3 $1 {[%emt 0:00:36]} (34. Qxd3 Qxd3 35.
Be7+ Kxe7 36. f8=Q+) 1-0

[Event "EU-Cup 24th"]
[Site "Kallithea"]
[Date "2008.10.21"]
[Round "5"]
[White "Sasikiran, Krishnan"]
[Black "Radjabov, Teimour"]
[Result "0-1"]
[WhiteElo "2694"]
[BlackElo "2751"]
[Annotator "Radjabov,T"]
[PlyCount "102"]
[EventDate "2008.10.17"]
[EventType "team-swiss"]
[EventRounds "7"]
[EventCountry "GRE"]
[SourceTitle "CBM 127"]
[Source "ChessBase"]
[SourceDate "2008.11.13"]
[SourceVersion "1"]
[SourceVersionDate "2008.11.13"]
[SourceQuality "1"]
[WhiteTeam "Zagreb"]
[BlackTeam "Ural Sverdlovskaya"]
[WhiteTeamCountry "CRO"]
[BlackTeamCountry "RUS"]

{The situation before this match was simple: we had to win all of the
remaining matches. We were ready to fight and produce this result.} 1. d4 Nf6
2. c4 g6 3. Nc3 Bg7 4. e4 d6 5. f3 O-O 6. Bg5 c5 7. d5 e6 {Now we are in some
Benoni kind of position with the inclusion of f3 and it's a mix between a
King's Indian Saemisch and a Benoni. White starts to develop his pieces
interestingly, but he has an idea....} 8. Qd2 h6 9. Be3 (9. Bxh6 {White may
win a pawn if he wishes.:) There are interesting complications arising after
this move.}) 9... exd5 10. cxd5 Re8 11. a4 a6 12. Nge2 Nbd7 {Still, after Bxh6,
Black will take on e4 and play Qh4+ x h6.} 13. Nc1 Nh7 (13... h5 $5) (13... Ne5
$5) 14. Be2 f5 {Now Black is very active, things are very unclear! g5 or Ng5
is a threat and also the e4-pawn is quite vulnerable.} 15. O-O Ng5 (15... g5 $5
16. f4 (16. g3 Qe7 $5) 16... fxe4 (16... Bxc3 $5) (16... g4) 17. fxg5 Nxg5 18.
Nb3 Ne5 $5 {with good play and really interesting complications!} (18... Be5))
16. Nd3 {White decides to sacrifice a pawn for the initiative!} Ne5 (16... Bxc3
$5) (16... fxe4 17. Nxe4 Nf6 18. Nc3 (18. Nxg5 Nxd5 $1) 18... Qe7 $13) 17. Nf2
$1 {Now White is threatening to go for f4 and smash the kingside with a pawn
storm.} Nef7 (17... fxe4 18. f4 (18. Nfxe4 Nef7 $5 (18... Nxe4 19. Nxe4 Nf7 {
with the idea of going for Bf5 is interesting.} (19... Ng4 20. Bf4 g5 21. Bg3
Ne5 22. Rac1 Bf5 23. b4 b6 24. h3 Qc7))) 18... Ngf3+ 19. gxf3 Nxf3+ 20. Bxf3
exf3 21. Kh1 Bf5 22. Rg1 b5 (22... Qb6 $5 {attacking e3 and trying Qb4 or Qb3
with b5 to follow. With an unclear position.}) 23. axb5 axb5 24. Rxa8 Qxa8 25.
Nxb5 Qb8 26. Nc3 Qb3 27. Nfd1 Qc4 $13) 18. Rae1 Bd7 (18... fxe4 {was much
better than Bd7, I had to clarify the structure in the centre here, as my
opponent's reaction after Bd7 was really interesting.}) 19. exf5 gxf5 (19...
Bxf5 20. f4 {This move and then g4 with a clear attack on the kingside.}) 20.
Kh1 $5 {Avoiding Rxe3 shots! It's an interesting and consolidating move. Now
it's hard to find a plan for Black.} Rb8 {Preparing b5, but Qa5 with the same
idea was much much better!} (20... Qa5 $5 {Already pressuring the queen on d2
and preparing the Re7-Rae8 development.} 21. f4 Nh7 22. g4 b5 23. gxf5 {
A tricky variation which shows the potential of the defensive side here!} Nf6
24. axb5 axb5 25. Ng4 Bxf5 26. Nxf6+ Bxf6 27. Rg1+ Kf8 28. Bd3 Bxc3 29. bxc3
Bxd3 30. Qxd3 Qa4 $1 $11) 21. Nd3 {The interesting plan of Nd3-f4-h5 is a very
tricky and nice idea from my opponent. I didn't like the prospect of Nf4-h5
and tried to find an antidote.} (21. f4 Nh7 22. g4 b5) 21... Re7 22. Nf4 Qe8 {
I thought that the h5-square was under control now and b5 might come soon. But
Sasikiran makes simple moves here after which it is totally clear that White
is better.} 23. Bf2 Ne5 24. a5 b5 (24... Qf7 $5 {was an easier way to play,
but I wanted to create some kind of counterplay on the b-file.}) 25. axb6 Rxb6
26. h4 (26. Ra1 $5 {would be a more positional approach, but Sasikiran wants
to add pressure on Black's camp as Black really has bad pieces, like the rook
on e7, the awkward knight on g5, the a6 weakness. But the position is still
complicated.}) 26... Nh7 27. Ne6 $5 Qb8 $6 {Leaving my king alone to fight
against the coming danger, was not the best idea!} (27... Nf6 {was better to
go for the planned setup. Nf6 is now protecting the d5-square and Black is
ready to take on e6.} 28. Nxc5 (28. Nxg7 Kxg7 (28... Rxg7 29. Qxh6 Qg6 {
and Black is quite solid. Plenty of counterchances!})) 28... dxc5 29. Bxc5 {
I was not sure about this position over the board, but Black has a very strong
resource!} Rb8 $1 {Simple! And now after Bxe7 the h4-pawn starts to be a
worrying factor as the idea of :} 30. Bxa6 {falls into a very deep tactical
move:} Nh5 $3 31. Qf2 (31. Kg1 {to avoid Ng3+} Nxf3+ $3 32. gxf3 Rxe1 33. Rxe1
Qg6+ {and takes the a6-bishop, Black is winning.}) 31... Bc8 $17 {[%cal Ge5d3]}
(31... Bf6 $5 32. Bd6 Rg7 $17)) 28. f4 {Tactical trick!} Rxb2 (28... Ng4 29.
Bxg4 Rxb2 30. Qc1 fxg4 31. f5 {And Black's position is very very dangerous.
But probably it was the only chance to keep the fight going.}) 29. Rb1 $1 Nc4
$8 30. Bxc4 Bxc3 31. Qd3 $1 Rf7 32. Ra1 $2 (32. Rxb2 $1 $18 {was the winning
move!} Qxb2 33. Bxc5 $1 $18 dxc5 34. Rb1 Qd2 35. Qg3+) (32. g4 {I was afraid
of this move more with idea of g4-g5 and so on.}) 32... Rxf2 $1 33. Qg3+ Rg7 $3
{My opponent most probably overlooked this fantastic move.} 34. Qxc3 Rxf1+ 35.
Rxf1 Rf7 36. Qd3 (36. g4 fxg4 37. Qd3 Nf8 38. f5 Bb5 {Now already Black has
enough resources.}) 36... Qb2 37. Kg1 {A prophylactic move against Qf2, but
now Black is in time to play all the necessary defensive moves!} (37. g4 {
and again even here it was very interesting! Now the best way for Black is} Ba4
38. gxf5 Nf6 39. Rg1+ Kh8 {with the idea Bc2-e4!}) (37. Rb1 Qf2 38. g3 Nf8 39.
Rb8 Qe1+ 40. Kg2 Bb5 $1 {and it's a draw due to lots of checks to White's king.
}) 37... Nf8 $1 38. Rb1 Qf6 $1 39. Qg3+ $6 (39. Rb6 Bb5 {and it's a position
of dynamic balance. Now Black's king is very safe and White's chances to
create something are simply not working.}) 39... Kh7 40. Re1 $6 (40. Rb6 {
This was the best way, now it's a draw again! But with the last move before
the control, Sasikiran makes a mistake.}) 40... Nxe6 {Somehow I wanted to take
this annoying knight finally! As ...Bb5 would still leave it on e6. In fact ...
Bb5 was quite possible and Black still should be slightly better.} 41. dxe6 Rg7
$1 {Of course if I did not have this move I would stay a piece down.} 42. Qd3
Bc6 {After this move I offered a draw to my opponent as it was securing a win
in the match for our team. But he decided to play on...} 43. Re2 $4 {True,
this creates problems for Black if he doesnt find the best way! Now a super
move comes out, slightly paradoxical but tactically working!} (43. Bd5 Bb5 44.
Qe3 Qxh4 45. e7 Be8 46. Qf2 Qxf2+ 47. Kxf2 a5 {Seeing that this position is a
dynamic draw after just g3 and Bd5-c4. Black is symbolically better but not
more!}) 43... Rg4 $3 {It was always pleasant to keep the rook, controlling the
e7 square and thus not giving White any possibility for active play or for the
e7 push. But here the super idea of Qa1+ and x f4 and x h4 works!} 44. g3 (44.
Qxd6 Qa1+ 45. Kh2 Rxh4+ 46. Kg3 Qg7+ 47. Kf2 (47. Kxh4 Qg4#) 47... Qxg2+ 48.
Ke1 (48. Ke3 Qg7 $1 49. Bd3 Rh3+ 50. Kd2 Qb2+ $19) 48... Qg3+ 49. Kd2 Qxf4+ 50.
Qxf4 Rxf4 51. Bxa6 Kg6 52. e7 Re4 53. Rxe4 fxe4 54. Bb7 Bb5 55. Bxe4+ Kf7 $19)
44... d5 $3 {And this is the final blow!} 45. Bxd5 {Here my opponent offered
me a draw, but already after Rg4 I saw the whole winning line.} Bb5 $1 (45...
Bxd5 $4 46. Qxd5 Rxg3+ 47. Rg2 $11) 46. Bc4 Bxc4 47. Qxc4 Rxg3+ 48. Kf1 (48.
Rg2 {and here is the difference: with the queen on d5 it's a draw, but with
the queen on c4 Black has a finishing move:} Rc3 $1 {and the e6-pawn falls.})
48... Qxh4 (48... Qa1+ {was also possible, but Qxh4 is more clear and clean.}
49. Re1 Qg7 $19 50. Qd5 Rg1+ 51. Ke2 Qb2+ 52. Kd3 Rg3+ 53. Re3 c4+ 54. Qxc4 (
54. Kxc4 Qa2+ 55. Kd4 Qxd5+ 56. Kxd5 Rxe3 $19) 54... Qa3+ 55. Kc2 Qxe3 $19) 49.
Rf2 Re3 (49... Qg4 $5 50. Ke1 Rg1+ 51. Rf1 Qg3+ 52. Kd2 (52. Kd1 Qf3+ 53. Ke1
Qe3+ 54. Qe2 Qc3+ $1 {and after Kd1 it's Qa1, when after Kf2 it's Qg3 mate.
Some tactics for fun, of course it's possible just to take on f1 with a
winning endgame.}) 52... Rg2+) 50. Qd5 Qh3+ $1 51. Rg2 {The endgame after Qg2
instead of this move is just lost after Qxg2 and Rxe6, leaving Black 3 pawns
up in a rook endgame.} Qh1+ {And in view of Rg1-Qxd5 and Kf2-Qe1 mate White
resigned!} 0-1